Nom de famille dans Harry Potter - Statistiques

Statistiques générales
  • Ce quiz a été pris 452 fois
    431 depuis la dernière actualisation
  • Le résultat moyen est 74 sur 123
Statistiques - réponses
Hint Réponse % Correct
Sirius Black
97%
Cho Chang
94%
Katie Bell
93%
Lavande Brown
93%
Hermione Granger
93%
Harry Potter
93%
Rubeus Hagrid
91%
Fleur Delacour
90%
Remus Lupin
89%
Cedric Diggory
88%
Albus Dumbledore
88%
Cornelius Fudge
88%
Luna Lovegood
88%
Dolores Ombrage
88%
Dudley Dursley
87%
Viktor Krum
87%
Bellatrix Lestrange
87%
Neville Londubat
87%
Drago Malefoy
87%
Hannah Abbot
86%
Helga Poufsouffle
86%
Ron Weasley
86%
Barty Croupton
85%
Godric Gryffondor
85%
Tom Jedusor
85%
Severus Rogue
85%
Rowena Serdaigle
85%
Salazar Serpentard
85%
Vincent Crabbe
84%
Minerva McGonagall
84%
Olivier Dubois
83%
Alastor Maugrey
83%
Parvati Patil
83%
Pomona Chourave
82%
Mondingus Fletcher
81%
Colin Crivey
80%
Norbert Dragonneau
80%
Seamus Finnigan
80%
Gregory Goyle
80%
Lee Jordan
80%
Pansy Parkinson
80%
Nymphadora Tonks
80%
Filius Flitwick
78%
Argus Rusard
77%
Renée Bibine
76%
Peter Pettigrow
76%
Rita Skeeter
76%
Dean Thomas
76%
Fenrir Greyback
75%
Olympe Maxime
74%
Angelina Johnson
73%
Igor Karkaroff
73%
Quirinus Quirell
73%
Horace Slughorn
73%
Alecto Carrow
72%
Nicolas Flamel
70%
Sibylle Trelawney
70%
Gellert Grindelwald
68%
Bathilda Tourdesac
68%
Poppy Pomfresh
67%
Penelope Deauclair
66%
Blaise Zabini
65%
Marcus Flint
63%
Charity Burbage
62%
Garrick Ollivander
62%
Antonin Dolohov
60%
Ernie MacMillan
60%
Cormac McLaggen
60%
Arabella Figg
59%
Romilda Vane
59%
Elphias Doge
58%
Stan Rocade
56%
Amelia Bones
54%
Ignotus Peverell
54%
Alicia Spinnet
54%
Elvis Gaunt
52%
Millicent Bulstrode
51%
Armando Dippet
50%
Cuthbert Binns
49%
Rufus Scrimgeour
49%
Ludovic Verpey
49%
Irma Pince
48%
Dedalus Diggle
47%
Astoria Greengrass
47%
Bertha Jorkins
47%
Aurora Sinistra
47%
Wilhelmina Gobe-Planche
44%
Terry Boot
43%
Mafalda Hopkrik
43%
Theodore Nott
43%
Eileen Prince
43%
Michael Corner
41%
Kingsley Shacklebolt
41%
Reginald Cattermole
39%
Hestia Jones
39%
Hepzibah Smith
37%
Frank Bryce
36%
Florian Fortarome
36%
Sturgis Podmore
34%
Roger Davies
31%
Marietta Edgecombe
31%
Fabian Prewett
31%
Anthony Goldstein
30%
Caractus Beurk
29%
Augustus Rockwood
28%
Septima Vector
28%
Emmeline Vance
27%
Corban Yaxley
25%
Albert Runcorn
21%
Piers Polkiss
20%
Bob Ogden
19%
Dirk Cresswell
18%
Nicholas Mimsy-Porpington
18%
Walden Macnair
17%
Pius Thicknesse
17%
Justin Finch-Fletchley
16%
Ernie Danlmur
14%
John Dawlish
14%
Dilys Derwent
14%
Griselda Marchebank
14%
Jimmy Peakes
14%
Craig Montague
8%
Broderick Moroz
8%
Aucun quiz correspondant
Distribution des résultats
% des personnes avec chaque résultat
Percentile par nombre de réponses
Votre historique - résultats
Vous n’avez pas pris ce quiz depuis la dernière actualisation